Statistics for Sounds on Old Macdougal's Farm

Click here to take the quiz!

General Stats

  • This quiz has been taken 15 times
  • The average score is 8 of 10

Answer Stats

HintAnswer% Correct
CowMoo Moo
100%
CatMeow Meow
93%
HorseNeigh Neigh
93%
PigOink Oink
93%
SheepBaa Baa
86%
DuckQuack Quack
86%
ChickenCluck Cluck
79%
DogBow Wow
71%
GooseHonk Honk
64%
DonkeyHee-Haw
43%

Score Distribution

Percentile by Number Answered

Percent of People with Each Score

Your Score History

You have not taken this quiz